[Event "Challenge"]
[Site "http://www.queenalice.com/game.php?id=1067615"]
[Date "2012.6.3"]
[Round "-"]
[White "otaniel"]
[Black "Whitewolf"]
[Result "0-1"]
[WhiteElo "1500"]
[BlackElo "1743"]

1. e4 e5 2. Qf3 Nf6 3. g4 h6 4. h4 Nc6 5. Bc4 Nd4 6. Qc3 Nxe4 7. Qd3 d5 8. b3
Nc5 9. Qc3 dxc4 10. Qxc4 Bxg4 11. Nc3 Nxc2+ 12. Kf1 Qf6 13. Rb1 Bd6 14. Nd5 Qe6
15. Ne2 Bxe2+ 16. Kxe2 Nd4+ 17. Kd1 Qg4+ 18. Ke1 Qe4+ 19. Ne3 Qxh1+ 20. Nf1 Qe4+
21. Ne3 Nd3+ 22. Kd1 Qf3# 0-1

[Event "Challenge"]
[Site "http://www.queenalice.com/game.php?id=1069193"]
[Date "2012.6.7"]
[Round "-"]
[White "otaniel"]
[Black "caspaloeuf"]
[Result "1-0"]
[WhiteElo "1526"]
[BlackElo "1534"]

1. e4 d6 2. Qf3 Nf6 3. h3 g6 4. g4 b6 5. e5 Nxg4 6. hxg4 c6 7. d4 d5 8. c4 e6 9.
cxd5 cxd5 10. Nh3 Bb4+ 11. Nc3 Nc6 12. Ng5 Qe7 13. Nxh7 Nxd4 14. Nf6+ Kd8 15.
Rxh8+ Kc7 16. Ne8+ Kc6 17. Qf6 Nc2+ 18. Kd1 Nxa1 19. Bb5+ Kb7 20. a3 Bxc3 21.
Qxe7+ 1-0

[Event "Challenge"]
[Site "http://www.queenalice.com/game.php?id=1069843"]
[Date "2012.6.8"]
[Round "-"]
[White "otaniel"]
[Black "caspaloeuf"]
[Result "1-0"]
[WhiteElo "1616"]
[BlackElo "1542"]

1. e4 d6 2. Bc4 Nf6 3. h3 Nxe4 4. Bd5 e6 5. Bxe4 c5 6. Qf3 Nc6 7. Bxc6+ Ke7 8.
Bxb7 Rb8 9. Be4 Qb6 10. Nc3 Bb7 11. b3 f5 12. Bxb7 Qxb7 13. Qxb7+ Rxb7 14. Nf3
g6 15. a4 Bg7 16. O-O a6 17. Ng5 Bh6 18. f4 Rb4 19. Re1 Bxg5 20. fxg5 Rf4 21. d3
Rh4 22. Nd5+ Kd7 23. Nb6+ Kc6 24. Nc4 e5 25. Kh2 Re8 26. g3 1-0

[Event "Challenge"]
[Site "http://www.queenalice.com/game.php?id=1069844"]
[Date "2012.6.8"]
[Round "-"]
[White "otaniel"]
[Black "caspaloeuf"]
[Result "0-1"]
[WhiteElo "1610"]
[BlackElo "1523"]

1. e4 e5 2. Qf3 Nf6 3. g4 d5 4. Nc3 Bxg4 5. Qg3 Nc6 6. h3 Nh5 7. Qxg4 Nf6 8. Qf5
g6 9. Qf3 Bc5 10. exd5 Nd4 11. Qd3 O-O 12. b3 Re8 13. Nb5 a6 14. Nxd4 Bxd4 15.
c3 Bb6 16. c4 e4 17. Qe3 Bxe3 18. dxe3 Qe7 19. Ne2 Qb4+ 20. Bd2 Qd6 21. O-O-O
Qa3+ 22. Kb1 b5 23. Bc1 Qd6 24. Nf4 bxc4 25. Bxc4 Reb8 26. Bb2 Re8 27. Bxf6 Qxf6
28. Rhf1 a5 29. d6 cxd6 30. Nd5 Qd8 31. Bb5 Re5 32. Be2 Qb8 33. Nf6+ Kg7 34. Ng4
Rc5 35. Rd2 a4 36. Bc4 axb3 37. Rb2 Rxa2 38. Bxb3 Ra3 39. Bc2 Rb5 40. Rxb5 Qxb5+
41. Kc1 Ra1+ 42. Kd2 Qd5+ 43. Ke2 Qb5+ 44. Kd2 Qxf1 45. Bxe4 Qd1+ 46. Kc3 Qc1+
47. Kb3 Qa3+ 48. Kc4 Qc5+ 49. Kd3 Ra3+ 50. Ke2 Qb5+ 51. Kf3 Qh5 52. Kg3 f5 53.
Nf6 Qg5+ 54. Ng4 fxe4 55. h4 Qd8 56. f4 h5 57. Nf2 Rxe3+ 58. Kg2 Qxh4 59. Kf1
Rf3 60. Ke2 Qxf2+ 61. Kd1 Rh3 62. f5 Rh1# 0-1

[Event "Challenge"]
[Site "http://www.queenalice.com/game.php?id=1072739"]
[Date "2012.6.16"]
[Round "-"]
[White "otaniel"]
[Black "savioef"]
[Result "1-0"]
[WhiteElo "1610"]
[BlackElo "914"]

1. e4 c5 2. Qf3 d6 3. Bc4 Nf6 4. d3 Bg4 5. Qf4 e5 6. Qg5 Nc6 7. h3 Bh5 8. g4 Bg6
9. Bd5 Rc8 10. Nc3 Be7 11. Nb5 Ra8 12. Nf3 Nxd5 13. Qd2 Ncb4 14. Ng5 f6 15. Ne6
Qd7 16. Nxg7+ Kf8 17. Nf5 Bd8 18. Qh6+ Kg8 19. Qd2 Ba5 20. c4 Ne7 21. O-O Nbc6
22. Nh6+ Kf8 23. Qd1 Nd4 24. Nxd4 exd4 25. Qf3 Ng8 26. Nxg8 Kxg8 27. Qxf6 Rf8
28. Qg5 Bd8 29. Qd2 Qg7 30. Qh6 Qf7 31. h4 Re8 32. h5 Rf8 33. Bf4 Ba5 34. Bxd6
Re8 35. Be5 Rxe5 36. f4 Re8 37. f5 Bb4 38. fxg6 Qd7 39. Qg5 Re5 40. Qxe5 Qxg4+
41. Kf2 Bd2 42. Rad1 Bf4 43. Qe8+ Kg7 44. Qf7+ Kh6 45. Rg1 Bh2 46. Rxg4 Kxh5 47.
g7+ Kxg4 48. gxh8=Q Bg3+ 49. Kg2 a5 50. Qhg8+ Kh4 51. Qfxh7# 1-0

[Event "Challenge"]
[Site "http://www.queenalice.com/game.php?id=1072745"]
[Date "2012.6.16"]
[Round "-"]
[White "otaniel"]
[Black "fabricioprado"]
[Result "0-1"]
[WhiteElo "1644"]
[BlackElo "1603"]

1. e4 e5 2. Qf3 Nf6 3. g4 d6 4. g5 Nfd7 5. Bc4 f6 6. gxf6 Nxf6 7. d3 Be7 8. Nc3
c6 9. Bg5 Rf8 10. O-O-O Bg4 11. Bxf6 Bxf3 12. Bxe7 Qxe7 13. Nxf3 Rxf3 14. Na4
Nd7 15. b4 O-O-O 16. c3 Kb8 17. b5 cxb5 18. Bxb5 Rxf2 19. Rd2 Qg5 20. Rd1 Rxd2
21. Rxd2 Nc5 22. Nxc5 dxc5 23. a4 Qg1+ 24. Kc2 g5 25. h3 a6 26. Bc4 Qa1 27. Kb3
Qb1+ 28. Rb2 Qh1 29. Be6 Rxd3 30. Bc4 Rxh3 31. Bd5 Qd1+ 32. Kc4 Qd3+ 33. Kxc5
Qxc3+ 34. Bc4 Qxb2 35. Kd5 Qd4+ 36. Ke6 Qxc4+ 37. Kxe5 Qc5+ 38. Kf6 Qf8+ 39.
Kxg5 Rg3+ 40. Kh4 Rg1 41. Kh5 Qf2 42. Kh6 Qh2# 0-1

[Event "Challenge"]
[Site "http://www.queenalice.com/game.php?id=1081426"]
[Date "2012.7.10"]
[Round "-"]
[White "otaniel"]
[Black "sunking1"]
[Result "0-1"]
[WhiteElo "1526"]
[BlackElo "1601"]

1. e4 e5 2. Qf3 f6 3. Bc4 Ne7 4. Nh3 d5 5. exd5 Bxh3 6. Qxh3 c6 7. Qh5+ g6 8.
Qh4 cxd5 9. Bb5+ Nbc6 10. d3 Qd6 11. Na3 a6 12. Bxc6+ Nxc6 13. Bh6 Nd4 14. O-O-O
Nf5 15. Qh3 Bxh6+ 16. Kb1 Rc8 17. Rc1 Bxc1 18. Kxc1 d4 19. g4 Qd5 20. f3 Ne3 21.
Kb1 Ke7 22. b3 Rc3 23. Qh6 Rf8 24. Qxh7+ Rf7 25. Qxg6 Qc5 26. Kb2 Nxc2 27. Nxc2
Rxc2+ 28. Kb1 Qc3 29. Qh6 Qxd3 30. Rc1 Rxh2+ 31. Rc2 Qxc2+ 0-1

[Event "SANTO ANTONIO III"]
[Site "http://www.queenalice.com/game.php?id=1082729"]
[Date "2012.7.14"]
[Round "-"]
[White "perucona"]
[Black "otaniel"]
[Result "1-0"]
[WhiteElo "1569"]
[BlackElo "1504"]

1. e4 e5 2. d4 f6 3. d5 Ne7 4. Nc3 Na6 5. Bxa6 bxa6 6. Nf3 c6 7. O-O g5 8. Be3
cxd5 9. exd5 Nf5 10. Re1 Bb4 11. Bd2 Qc7 12. Re2 Bxc3 13. bxc3 g4 14. Ne1 Bb7
15. g3 O-O-O 16. Ng2 Bxd5 17. Qf1 Bf3 18. Ree1 Qb6 19. Be3 Qc6 20. Bd2 e4 21.
Bc1 1-0

[Event "Challenge"]
[Site "http://www.queenalice.com/game.php?id=1084339"]
[Date "2012.7.19"]
[Round "-"]
[White "hba111"]
[Black "otaniel"]
[Result "1-0"]
[WhiteElo "1668"]
[BlackElo "1579"]

1. Nf3 e6 2. c4 Qf6 3. d4 h6 4. Nc3 Nc6 5. e4 Bb4 6. Be2 d6 7. O-O e5 8. Nd5 Qd8
9. a3 Ba5 10. b4 Bb6 11. dxe5 dxe5 12. Nxb6 axb6 13. Qxd8+ Nxd8 14. Nxe5 f6 15.
Bh5+ Kf8 16. Ng6+ Ke8 17. Nxh8+ Kd7 18. Rd1+ Ke7 19. Ng6+ Ke8 20. Nf4+ Nf7 21.
Nd5 Kf8 22. Nxc7 Ra5 23. bxa5 bxa5 24. Be3 1-0